[Event "Skopje MKD"]
[Site "Skopje MKD"]
[Date "2014.04.01"]
[Round "5.103"]
[White "Balokas, Dimitrios"]
[Black "Tevdovski, Zoran"]
[Result "1-0"]
[WhiteElo "2085"]
[BlackElo "1743"]
[PlyCount "71"]
[EventDate "2014.03.29"]
[EventType "swiss"]
[EventRounds "9"]

1. d4 Nf6 2. c4 g6 3. Nc3 Bg7 4. e4 d6 5. Nf3 Nbd7 6. Be2 O-O 7. O-O h6 8. Re1
e5 9. Bf1 a5 10. Rb1 Re8 11. d5 Nc5 12. Nd2 a4 13. b4 axb3 14. axb3 c6 15. b4
Na6 16. dxc6 bxc6 17. b5 Nc5 18. Nb3 Bg4 19. f3 Nxb3 20. Rxb3 Be6 21. Be3 cxb5
22. Nxb5 Bf8 23. Qd2 Kh7 24. Rd1 Ra6 25. Rb2 Qe7 26. Nc3 Rc6 27. Nd5 Bxd5 28.
cxd5 Rcc8 29. Rdb1 Rc7 30. Bb5 Rb8 31. Bc6 Rxb2 32. Rxb2 Nd7 33. h3 Nc5 34. Rb8
Bg7 35. Bxc5 dxc5 36. d6 1-0

[Event "Skopje MKD"]
[Site "Skopje MKD"]
[Date "2014.04.01"]
[Round "5.104"]
[White "Jean, Ludovic"]
[Black "Arizanov, Tome"]
[Result "0-1"]
[WhiteElo "1786"]
[BlackElo "2078"]
[PlyCount "80"]
[EventDate "2014.03.29"]
[EventType "swiss"]
[EventRounds "9"]

1. Nf3 Nf6 2. b3 g6 3. Bb2 Bg7 4. e3 O-O 5. c4 d6 6. d4 Na6 7. Nc3 c5 8. Be2 b6
9. O-O Nc7 10. Qc2 a6 11. Rfd1 Bd7 12. dxc5 bxc5 13. Ne1 Rb8 14. Rab1 Nfe8 15.
Nd3 e5 16. Ne1 f5 17. f4 exf4 18. exf4 Ne6 19. Bc1 Nd4 20. Qd2 Bc6 21. Bf3
Nxf3+ 22. Nxf3 Bxf3 23. gxf3 Bd4+ 24. Kh1 Qh4 25. Ne2 Bg7 26. Bb2 Rd8 27. Bxg7
Nxg7 28. Qd5+ Kh8 29. Qc6 Qf2 30. Ng1 Nh5 31. Nh3 Qxa2 32. Ng5 Nxf4 33. Rg1 h6
34. Rbd1 hxg5 35. Rxd6 Rxd6 36. Qxd6 Kg7 37. Qe7+ Rf7 38. Qe5+ Kh7 39. Rxg5 Qd2
40. Qe8 Qd1+ 0-1

[Event "Skopje MKD"]
[Site "Skopje MKD"]
[Date "2014.04.01"]
[Round "5.105"]
[White "Hoffmann, Max"]
[Black "Petrovic, Lazar"]
[Result "1-0"]
[WhiteElo "2063"]
[BlackElo "1707"]
[PlyCount "37"]
[EventDate "2014.03.29"]
[EventType "swiss"]
[EventRounds "9"]

1. Nf3 d5 2. c4 Nf6 3. cxd5 Nxd5 4. Nc3 Nc6 5. g3 e5 6. Qa4 Nb6 7. Qd1 Bd6 8.
Bg2 O-O 9. O-O f5 10. d3 Bd7 11. a4 a5 12. Nb5 Na7 13. Qb3+ Kh8 14. Bg5 Be7 15.
Bxe7 Qxe7 16. Nxc7 Bxa4 17. Qxb6 Nc8 18. Qe6 Qxc7 19. Rxa4 1-0

[Event "Skopje MKD"]
[Site "Skopje MKD"]
[Date "2014.04.01"]
[Round "5.107"]
[White "Schleich, Theodor"]
[Black "Gaberov, Toshe"]
[Result "1-0"]
[WhiteElo "2052"]
[BlackElo "1731"]
[PlyCount "61"]
[EventDate "2014.03.29"]
[EventType "swiss"]
[EventRounds "9"]

1. d4 Nf6 2. Bg5 Ne4 3. Bf4 d5 4. e3 c6 5. Bd3 Nf6 6. Nd2 Bg4 7. Ne2 e6 8. c3
Bd6 9. Qb3 Bxe2 10. Bxe2 b6 11. Bg3 O-O 12. c4 c5 13. dxc5 Bxc5 14. O-O Nbd7
15. cxd5 Nxd5 16. e4 N5f6 17. Rfd1 Qe7 18. e5 Ne8 19. Ne4 g6 20. Qa4 Nb8 21.
Nxc5 bxc5 22. Bf3 Nc7 23. Bxa8 Nxa8 24. Qe4 Nb6 25. Bh4 g5 26. Bg3 Kh8 27. h4
Rg8 28. hxg5 Qxg5 29. Bh4 Qh6 30. Bf6+ Rg7 31. Rd8# 1-0

[Event "Skopje MKD"]
[Site "Skopje MKD"]
[Date "2014.04.01"]
[Round "5.108"]
[White "Mattes, Heinz"]
[Black "Lakinska, Simona"]
[Result "1-0"]
[WhiteElo "2043"]
[BlackElo "1642"]
[PlyCount "47"]
[EventDate "2014.03.29"]
[EventType "swiss"]
[EventRounds "9"]

1. d4 Nf6 2. Nf3 d5 3. e3 e6 4. Bd3 Be7 5. b3 Nbd7 6. Nbd2 c5 7. Bb2 b6 8. O-O
Bb7 9. Ne5 O-O 10. Qe2 Nxe5 11. dxe5 Ne4 12. Rad1 Qc7 13. f4 Rac8 14. c4 Nxd2
15. Rxd2 dxc4 16. Bxc4 Be4 17. g4 g6 18. f5 exf5 19. e6 Rfd8 20. exf7+ Kf8 21.
gxf5 Rxd2 22. Qxd2 Bxf5 23. Qc3 Bd6 24. Qg7+ 1-0

[Event "Skopje MKD"]
[Site "Skopje MKD"]
[Date "2014.04.01"]
[Round "5.109"]
[White "Nikolov, Kole"]
[Black "Montolio Benedicto, Cesar"]
[Result "0-1"]
[WhiteElo "1718"]
[BlackElo "1950"]
[PlyCount "62"]
[EventDate "2014.03.29"]
[EventType "swiss"]
[EventRounds "9"]

1. e4 e5 2. c3 Nf6 3. d4 exd4 4. e5 Ne4 5. cxd4 Bb4+ 6. Bd2 Nxd2 7. Nxd2 O-O 8.
Bd3 Nc6 9. Ne2 d6 10. exd6 Qxd6 11. O-O Nxd4 12. Ne4 Nxe2+ 13. Qxe2 Qg6 14. Ng3
Qb6 15. Qh5 Qh6 16. Qxh6 gxh6 17. f4 Be6 18. f5 Bd5 19. f6 Be6 20. Kh1 Rad8 21.
Rad1 Bg4 22. Be2 Bxe2 23. Nxe2 Rxd1 24. Rxd1 Re8 25. Ng3 Re1+ 26. Rxe1 Bxe1 27.
Nf5 Bd2 28. g4 Bg5 29. h4 Bxf6 30. Nxh6+ Kf8 31. b3 Bxh4 0-1

[Event "Skopje MKD"]
[Site "Skopje MKD"]
[Date "2014.04.01"]
[Round "5.110"]
[White "Jakovljevic, Dejan"]
[Black "Silivri, Volkan Resat"]
[Result "1-0"]
[WhiteElo "1948"]
[BlackElo "1670"]
[PlyCount "42"]
[EventDate "2014.03.29"]
[EventType "swiss"]
[EventRounds "9"]

1. e4 e5 2. d4 exd4 3. Qxd4 Nc6 4. Qe3 Nf6 5. Nc3 Bb4 6. Bd2 O-O 7. O-O-O Re8
8. Qg3 Rxe4 9. f3 Re8 10. a3 Ba5 11. h4 d6 12. h5 Ne5 13. Nh3 Nxh5 14. Qh2 Bxh3
15. Qxh3 Nf6 16. g4 Qc8 17. Ne4 Bxd2+ 18. Rxd2 Nexg4 19. Bd3 h6 20. Rg2 Nxe4
21. Bxe4 Nf6 1-0

[Event "Skopje MKD"]
[Site "Skopje MKD"]
[Date "2014.04.01"]
[Round "5.119"]
[White "Okuyaz, Duru"]
[Black "Forsaa, Elise"]
[Result "0-1"]
[WhiteElo "1678"]
[BlackElo "1830"]
[PlyCount "68"]
[EventDate "2014.03.29"]
[EventType "swiss"]
[EventRounds "9"]

1. e4 c5 2. Nf3 e6 3. b3 Nf6 4. e5 Nd5 5. Bb2 a6 6. d3 d6 7. Nbd2 Nd7 8. exd6
N7f6 9. Ne4 Bxd6 10. Nxd6+ Qxd6 11. Be2 b6 12. O-O Bb7 13. d4 Rd8 14. Bc4 Nf4
15. Ba3 Qc7 16. c3 Ng4 17. g3 Nh3+ 18. Kg2 Ng5 19. d5 Rxd5 20. Bxd5 Bxd5 21.
Qxd5 exd5 22. Nxg5 O-O 23. Rfe1 Qc6 24. Nf3 f6 25. Re7 Ne5 26. Nxe5 fxe5 27.
Rxe5 Qf6 28. Ree1 Qxf2+ 29. Kh1 Qc2 30. Rec1 Qe4+ 31. Kg1 Qe3+ 32. Kg2 Rf2+ 33.
Kh3 Qe6+ 34. Kh4 g5+ 0-1

[Event "Skopje MKD"]
[Site "Skopje MKD"]
[Date "2014.04.01"]
[Round "5.120"]
[White "Nikolovski, Martin"]
[Black "Kosteski, Mile"]
[Result "1-0"]
[WhiteElo "1761"]
[BlackElo "1452"]
[PlyCount "153"]
[EventDate "2014.03.29"]
[EventType "swiss"]
[EventRounds "9"]

1. e4 e5 2. Nf3 Nc6 3. Bc4 Nf6 4. Nc3 Nxe4 5. Nxe4 d5 6. Bxd5 Qxd5 7. Nc3 Qa5
8. h3 Bd6 9. d3 O-O 10. O-O f5 11. Bd2 h6 12. Re1 Bd7 13. Ne4 Qb6 14. Nxd6 cxd6
15. Bc3 Rae8 16. Qd2 Kh7 17. b3 a6 18. Bb2 Ne7 19. Nh2 Ng6 20. d4 e4 21. d5 Re7
22. Bd4 Qc7 23. c4 Rfe8 24. Rac1 b6 25. c5 bxc5 26. Bxc5 Rf7 27. Ba3 Qb6 28.
Qb4 Qxb4 29. Bxb4 Rf6 30. Rc7 Re7 31. a4 Nf4 32. Rd1 Rg6 33. Kf1 Nxg2 34. Bxd6
Rxd6 35. Kxg2 Re5 36. Ra7 Rexd5 37. Rxd5 Rxd5 38. Rxa6 Rd3 39. b4 Ra3 40. Ra7
Bc6 41. Ra6 Bxa4 42. b5 e3 43. fxe3 Ra2+ 44. Kg3 Rxh2 45. Kxh2 Bxb5 46. Rb6 Bd3
47. Kg3 Be4 48. h4 Kg8 49. h5 Kf7 50. Kf4 Ke7 51. Ra6 Kf7 52. Ke5 Bd3 53. Ra7+
Kf8 54. Ke6 Kg8 55. Ra8+ Kh7 56. Kf7 Be2 57. Ke6 Bg4 58. Ke5 Bh3 59. Kf4 Bg4
60. e4 Bxh5 61. Kxf5 Bf3 62. Ra7 h5 63. e5 Kh6 64. e6 Bg4+ 65. Ke5 Bxe6 66.
Kxe6 Kg5 67. Rxg7+ Kf4 68. Ra7 h4 69. Ra4+ Kg3 70. Ke5 h3 71. Ra3+ Kh4 72. Kf4
h2 73. Ra1 Kh3 74. Kf3 Kh4 75. Kg2 Kg4 76. Ra4+ Kf5 77. Kxh2 1-0

[Event "Skopje, hotel "]
[Site "Skopje, hotel "]
[Date "2014.04.02"]
[Round "6.1"]
[White "Kozul, Zdenko"]
[Black "Salgado Lopez, Ivan"]
[Result "0-1"]
[WhiteElo "2586"]
[BlackElo "2605"]
[PlyCount "70"]
[EventDate "2014.03.29"]
[EventType "swiss"]
[EventRounds "9"]

1. d4 Nf6 2. c4 g6 3. Nc3 d5 4. cxd5 Nxd5 5. e4 Nxc3 6. bxc3 Bg7 7. Be3 c5 8.
Qd2 O-O 9. Nf3 Qa5 10. Rb1 b6 11. Rc1 Nd7 12. d5 Bb7 13. Bh6 Nf6 14. Bxg7 Kxg7
15. Bd3 c4 16. Bb1 e6 17. Nd4 Rfe8 18. O-O exd5 19. Nf5+ gxf5 20. Qg5+ Kf8 21.
Qh6+ Ke7 22. e5 Nd7 23. Qg5+ f6 24. Qg7+ Kd8 25. exf6 d4 26. Rfe1 Rxe1+ 27.
Rxe1 Qxc3 28. Qe7+ Kc7 29. Bxf5 Bc6 30. Bxd7 Bxd7 31. Qe5+ Kb7 32. h4 Ka6 33.
Rf1 Bc6 34. Qe6 Bb7 35. Qe7 Rg8 0-1

[Event "Skopje, hotel "]
[Site "Skopje, hotel "]
[Date "2014.04.02"]
[Round "6.2"]
[White "Anton Guijarro, David"]
[Black "Bok, Benjamin"]
[Result "1-0"]
[WhiteElo "2559"]
[BlackElo "2575"]
[PlyCount "109"]
[EventDate "2014.03.29"]
[EventType "swiss"]
[EventRounds "9"]

1. Nf3 Nf6 2. c4 c5 3. Nc3 d5 4. cxd5 Nxd5 5. e4 Nb4 6. Bc4 Nd3+ 7. Ke2 Nf4+ 8.
Kf1 Ne6 9. d3 g6 10. h4 h6 11. Na4 Bg7 12. Be3 Nc7 13. Nc3 Ne6 14. Rh3 Nc6 15.
Kg1 Ned4 16. Rg3 e6 17. Bb5 Nxb5 18. Nxb5 a6 19. Nc3 b6 20. Qd2 e5 21. a3 a5
22. Qd1 Nd4 23. b4 Nxf3+ 24. Rxf3 Bg4 25. bxc5 Bxf3 26. Qxf3 bxc5 27. h5 Qxd3
28. Nd5 O-O 29. Rd1 Qa6 30. Bxc5 Rfe8 31. hxg6 fxg6 32. Nc7 Qc6 33. Qb3+ Kh7
34. Nxe8 Rxe8 35. Qf7 Rc8 36. Rd7 Qxd7 37. Qxd7 Rxc5 38. Qa7 Rc4 39. Qxa5 Rxe4
40. a4 Rc4 41. Qb5 Rc1+ 42. Kh2 e4 43. a5 Rc7 44. Qa4 Ra7 45. a6 h5 46. g3 Kh6
47. Kg2 Bf6 48. Qc6 Bd8 49. Kf1 Ba5 50. Ke2 Kh7 51. Ke3 Kg7 52. Kxe4 Rf7 53.
Qc5 Be1 54. a7 Bxf2 55. Qe5+ 1-0

[Event "Skopje, hotel "]
[Site "Skopje, hotel "]
[Date "2014.04.02"]
[Round "6.4"]
[White "Ivanisevic, Ivan"]
[Black "Damljanovic, Branko"]
[Result "1/2-1/2"]
[WhiteElo "2633"]
[BlackElo "2566"]
[PlyCount "83"]
[EventDate "2014.03.29"]
[EventType "swiss"]
[EventRounds "9"]

1. d4 Nf6 2. c4 g6 3. f3 Bg7 4. e4 d6 5. Ne2 c5 6. Be3 O-O 7. Qd2 Nc6 8. d5 Ne5
9. Nec3 a6 10. a4 Nh5 11. Be2 f5 12. exf5 gxf5 13. Na3 Qe8 14. Bh6 Bxh6 15.
Qxh6 Qg6 16. Qxg6+ hxg6 17. g3 f4 18. g4 Nf6 19. O-O-O Kg7 20. Nab1 Bd7 21. Nd2
Rh8 22. h4 Rh7 23. Rh2 Rah8 24. Rdh1 g5 25. h5 Kh6 26. Kc2 Rf7 27. Re1 Nfxg4
28. fxg4 f3 29. Bxf3 Nxf3 30. Nxf3 Rxf3 31. Rxe7 Bxg4 32. Ne4 Bf5 33. Kd2 Bxe4
34. Re6+ Kg7 35. Rxe4 Rhf8 36. Re6 R3f6 37. Rhe2 Rh6 38. a5 Rf4 39. Re7+ Rf7
40. R7e6 Rf4 41. Re7+ Rf7 42. R7e6 1/2-1/2

[Event "Skopje, hotel "]
[Site "Skopje, hotel "]
[Date "2014.04.02"]
[Round "6.5"]
[White "Rozentalis, Eduardas"]
[Black "Blagojevic, Dragisa"]
[Result "1/2-1/2"]
[WhiteElo "2623"]
[BlackElo "2517"]
[PlyCount "52"]
[EventDate "2014.03.29"]
[EventType "swiss"]
[EventRounds "9"]

1. e4 e5 2. Nf3 Nc6 3. Nc3 Nf6 4. Bb5 Bd6 5. d3 a6 6. Bxc6 dxc6 7. h3 Nd7 8.
Nd2 Nf8 9. Nc4 Ne6 10. Ne2 c5 11. O-O O-O 12. a4 b6 13. b3 f6 14. Kh1 Rf7 15.
f4 exf4 16. Nxf4 Bxf4 17. Bxf4 Nxf4 18. Rxf4 Be6 19. Ne3 Qd4 20. Qg1 Rd8 21.
Raf1 b5 22. axb5 axb5 23. Qf2 Qc3 24. Rf3 Qe5 25. Nf5 c4 26. bxc4 bxc4 1/2-1/2

[Event "Skopje, hotel "]
[Site "Skopje, hotel "]
[Date "2014.04.02"]
[Round "6.7"]
[White "Peralta, Fernando"]
[Black "Antipov, Mikhail Al"]
[Result "1-0"]
[WhiteElo "2613"]
[BlackElo "2507"]
[PlyCount "75"]
[EventDate "2014.03.29"]
[EventType "swiss"]
[EventRounds "9"]

1. d4 Nf6 2. c4 e6 3. Nc3 Bb4 4. e3 O-O 5. Bd3 c5 6. Nf3 d5 7. O-O Nc6 8. a3
Bxc3 9. bxc3 dxc4 10. Bxc4 Qc7 11. h3 e5 12. Ba2 Bf5 13. d5 Rad8 14. c4 e4 15.
Nh4 Bc8 16. Bb2 Qe7 17. f4 Na5 18. Qe1 b6 19. Bc3 Nb7 20. g4 Ne8 21. f5 f6 22.
Ng2 Nbd6 23. Nf4 Nc7 24. a4 a6 25. Rb1 b5 26. axb5 axb5 27. cxb5 Ncxb5 28. Rxb5
Ba6 29. Rb2 Bxf1 30. Qxf1 Ra8 31. Ne6 Rfb8 32. Rxb8+ Rxb8 33. Qa6 h6 34. Be1
Nf7 35. Bg3 Qb7 36. Qxb7 Rxb7 37. Nxc5 Rb2 38. Bb3 1-0

[Event "Skopje, hotel "]
[Site "Skopje, hotel "]
[Date "2014.04.02"]
[Round "6.8"]
[White "Markus, Robert"]
[Black "Semcesen, Daniel"]
[Result "1-0"]
[WhiteElo "2608"]
[BlackElo "2502"]
[PlyCount "113"]
[EventDate "2014.03.29"]
[EventType "swiss"]
[EventRounds "9"]

1. Nf3 d5 2. c4 dxc4 3. e3 Be6 4. Na3 Nf6 5. Bxc4 Bxc4 6. Nxc4 e6 7. Qb3 b6 8.
O-O Be7 9. d4 O-O 10. Rd1 Qd5 11. Qc2 Qb7 12. Nce5 h6 13. Bd2 Rc8 14. b4 c5 15.
bxc5 bxc5 16. Rab1 Qa6 17. dxc5 Rxc5 18. Qd3 Qxd3 19. Nxd3 Rd5 20. Nf4 Rd8 21.
Ne5 g5 22. Nfd3 Kf8 23. Bb4 Bxb4 24. Nxb4 Rxd1+ 25. Rxd1 Ke8 26. Nc4 a5 27. Nd3
Nbd7 28. f3 Nd5 29. Kf2 Rb8 30. Rd2 a4 31. e4 N5b6 32. Nxb6 Rxb6 33. Rc2 Rb1
34. Rc4 Nb6 35. Rb4 Rxb4 36. Nxb4 Kd7 37. Ke3 Kd6 38. Kd4 f6 39. Nd3 Kc6 40. e5
f5 41. Nc5 Nd5 42. Nxa4 Nb4 43. Nc5 Nc2+ 44. Kc3 Ne3 45. Nxe6 Kd5 46. Nd4 Kxe5
47. g3 Nf1 48. a4 Nxh2 49. a5 Kd6 50. Nxf5+ Kc5 51. Nd4 h5 52. Ne6+ Kb5 53.
Nxg5 Nf1 54. Ne4 Ne3 55. Nd6+ Ka6 56. Kd3 Nf1 57. Ne4 1-0

[Event "Skopje, hotel "]
[Site "Skopje, hotel "]
[Date "2014.04.02"]
[Round "6.9"]
[White "Predojevic, Borki"]
[Black "Colovic, Aleksandar"]
[Result "1-0"]
[WhiteElo "2607"]
[BlackElo "2493"]
[PlyCount "71"]
[EventDate "2014.03.29"]
[EventType "swiss"]
[EventRounds "9"]

1. Nf3 c5 2. c4 Nc6 3. g3 g6 4. Bg2 Bg7 5. Nc3 d6 6. O-O e6 7. a3 Nge7 8. b4 b6
9. Qb3 Bb7 10. Bb2 Rb8 11. e3 O-O 12. Rfd1 d5 13. cxd5 exd5 14. Ne2 c4 15. Qc2
Bxb2 16. Qxb2 Nf5 17. d3 Qe7 18. Nf4 Rfd8 19. dxc4 dxc4 20. Nd5 Rxd5 21. Rxd5
Nd8 22. Rd2 Rc8 23. Qc3 Ne6 24. Rad1 Rc7 25. Ne5 Bxg2 26. Kxg2 Qf6 27. f4 b5
28. e4 Nfg7 29. Rd7 Rxd7 30. Rxd7 Nh5 31. Rxf7 Nhxf4+ 32. gxf4 Nxf4+ 33. Kh1
Qg5 34. Qg3 Qxe5 35. Qxf4 Qe6 36. Rxa7 1-0

[Event "Skopje, hotel "]
[Site "Skopje, hotel "]
[Date "2014.04.02"]
[Round "6.10"]
[White "Vovk, Andrey"]
[Black "Drazic, Sinisa"]
[Result "1-0"]
[WhiteElo "2605"]
[BlackElo "2415"]
[PlyCount "159"]
[EventDate "2014.03.29"]
[EventType "swiss"]
[EventRounds "9"]

1. e4 e6 2. d4 d5 3. e5 c5 4. c3 Bd7 5. Nf3 a6 6. Na3 cxd4 7. cxd4 Bb4+ 8. Bd2
Qa5 9. Bd3 Nc6 10. Nc2 Bxd2+ 11. Qxd2 Qxd2+ 12. Kxd2 Nge7 13. h4 O-O 14. Rac1
Rac8 15. h5 h6 16. Rce1 Na5 17. b3 Bb5 18. Nb4 Nac6 19. Nxc6 Nxc6 20. Bb1 a5
21. Rc1 b6 22. Rc3 Ne7 23. Rhc1 Rxc3 24. Rxc3 Rc8 25. Rxc8+ Nxc8 26. Nh4 Ne7
27. g4 f6 28. f4 Kf7 29. Ke3 Ba6 30. Bg6+ Kf8 31. Bc2 Kf7 32. a3 Bb5 33. Bg6+
Kf8 34. f5 Bd7 35. Kf4 Bc8 36. fxe6 Bxe6 37. exf6 gxf6 38. Bf5 Kf7 39. Bd3 Nc6
40. Nf3 Ke7 41. Bb5 Nd8 42. Nh4 Nf7 43. Bc6 Nd6 44. Ng2 Nc8 45. Bb7 Nd6 46. Ba6
Kf8 47. Ne3 Kf7 48. Nd1 Ke7 49. Nc3 Kd7 50. Bb5+ Kc7 51. Bd3 Ne8 52. Bf5 Bg8
53. g5 hxg5+ 54. Kg4 Nd6 55. h6 Kc6 56. h7 Bxh7 57. Bxh7 a4 58. Bg8 f5+ 59. Kf3
Ne4 60. Bxd5+ Kd6 61. Bxe4 fxe4+ 62. Nxe4+ Kd5 63. Nc3+ Kxd4 64. Nxa4 b5 65.
Nb2 Kc3 66. a4 bxa4 67. bxa4 Kb4 68. Kg4 Kc5 69. Kxg5 Kb4 70. Kf4 Kc5 71. Ke5
Kb4 72. Kd6 Ka5 73. Kc6 Ka6 74. Nc4 Ka7 75. Kb5 Kb7 76. a5 Kc7 77. a6 Kb8 78.
Kb6 Ka8 79. Nd6 Kb8 80. Nb5 1-0

[Event "Skopje, hotel "]
[Site "Skopje, hotel "]
[Date "2014.04.02"]
[Round "6.11"]
[White "Grandelius, Nils"]
[Black "Georgescu, Tiberiu"]
[Result "1/2-1/2"]
[WhiteElo "2600"]
[BlackElo "2468"]
[PlyCount "65"]
[EventDate "2014.03.29"]
[EventType "swiss"]
[EventRounds "9"]

1. d4 Nf6 2. c4 e6 3. Nf3 d5 4. Nc3 Nbd7 5. Bf4 dxc4 6. e3 Nb6 7. Bxc4 Nxc4 8.
Qa4+ Bd7 9. Qxc4 Bd6 10. Ne5 Bxe5 11. dxe5 Nh5 12. Rd1 Nxf4 13. exf4 O-O 14.
O-O Qc8 15. b4 Rd8 16. a4 Be8 17. h3 b6 18. Rxd8 Qxd8 19. Rd1 Qe7 20. Nb5 Bxb5
21. axb5 g6 22. g3 Kg7 23. Rc1 Qd7 24. h4 Rd8 25. Qxc7 Qxc7 26. Rxc7 Rd4 27.
Rxa7 Rxb4 28. h5 gxh5 29. f5 exf5 30. e6 Re4 31. Rxf7+ Kg6 32. Rb7 Re1+ 33. Kg2
1/2-1/2

[Event "Skopje, hotel "]
[Site "Skopje, hotel "]
[Date "2014.04.02"]
[Round "6.12"]
[White "Bachmann, Axel"]
[Black "Roiz, Michael"]
[Result "1/2-1/2"]
[WhiteElo "2575"]
[BlackElo "2591"]
[PlyCount "34"]
[EventDate "2014.03.29"]
[EventType "swiss"]
[EventRounds "9"]

1. c4 e5 2. Nc3 Nf6 3. Nf3 Nc6 4. g3 Bb4 5. Bg2 O-O 6. O-O d6 7. Nd5 Bc5 8. d3
h6 9. e3 a6 10. b3 Ba7 11. Nxf6+ Qxf6 12. Bb2 Bg4 13. h3 Bh5 14. g4 Bg6 15. d4
Rad8 16. d5 Nb8 17. Qe2 Nd7 1/2-1/2

[Event "Skopje, hotel "]
[Site "Skopje, hotel "]
[Date "2014.04.02"]
[Round "6.13"]
[White "Golod, Vitali"]
[Black "Jumabayev, Rinat"]
[Result "1-0"]
[WhiteElo "2573"]
[BlackElo "2580"]
[PlyCount "69"]
[EventDate "2014.03.29"]
[EventType "swiss"]
[EventRounds "9"]

1. d4 Nf6 2. c4 g6 3. Nc3 d5 4. cxd5 Nxd5 5. Na4 e5 6. dxe5 Nc6 7. a3 Bf5 8.
Nf3 Qd7 9. Bd2 O-O-O 10. e3 Qe7 11. Be2 Nxe5 12. Nxe5 Qxe5 13. Qb3 Be6 14. Qc2
Bf5 15. Qb3 Qe4 16. Bf3 Qd3 17. Bc3 b5 18. Be2 bxa4 19. Bxd3 axb3 20. Bxf5+
gxf5 21. Bxh8 f6 22. O-O-O Bh6 23. Rd4 f4 24. Kb1 fxe3 25. fxe3 Bxe3 26. Rd3
Bf4 27. Bg7 Rd7 28. g3 Rxg7 29. Rxd5 Be5 30. Rd3 a5 31. Rxb3 Rg4 32. Rb5 h5 33.
Rxa5 h4 34. gxh4 Rxh4 35. h3 1-0

[Event "Skopje, hotel "]
[Site "Skopje, hotel "]
[Date "2014.04.02"]
[Round "6.14"]
[White "Pavlidis, Antonios"]
[Black "Berkes, Ferenc"]
[Result "1/2-1/2"]
[WhiteElo "2463"]
[BlackElo "2687"]
[PlyCount "40"]
[EventDate "2014.03.29"]
[EventType "swiss"]
[EventRounds "9"]

1. e4 c6 2. d4 d5 3. Nc3 dxe4 4. Nxe4 Bf5 5. Ng3 Bg6 6. Nh3 e6 7. Nf4 Qc7 8. h4
Bd6 9. Nxg6 hxg6 10. Ne4 Bf4 11. Bxf4 Qxf4 12. Ng5 Nf6 13. g3 Qd6 14. c3 Qd5
15. Qf3 Qxf3 16. Nxf3 Nbd7 17. Bg2 Ke7 18. O-O a5 19. a4 Rhc8 20. Rfe1 Rc7
1/2-1/2

[Event "Skopje, hotel "]
[Site "Skopje, hotel "]
[Date "2014.04.02"]
[Round "6.16"]
[White "Iturrizaga Bonelli, Eduardo"]
[Black "Berescu, Alin Mile"]
[Result "1-0"]
[WhiteElo "2645"]
[BlackElo "2459"]
[PlyCount "53"]
[EventDate "2014.03.29"]
[EventType "swiss"]
[EventRounds "9"]

1. Nf3 c5 2. c4 Nc6 3. Nc3 Nf6 4. d4 cxd4 5. Nxd4 e6 6. a3 Be7 7. e4 O-O 8. Nc2
Qc7 9. f4 d6 10. Bd3 b6 11. O-O Bb7 12. b4 Rac8 13. Bb2 a6 14. Qe2 Nd7 15. Rf3
g6 16. Na4 Rfe8 17. Qf2 Rb8 18. Rf1 Ba8 19. Ne3 b5 20. Ng4 bxa4 21. Nh6+ Kf8
22. f5 exf5 23. Rxf5 gxf5 24. Qxf5 Bf6 25. Bxf6 Nxf6 26. Qxf6 Ne5 27. Nf5 1-0

[Event "Skopje, hotel "]
[Site "Skopje, hotel "]
[Date "2014.04.02"]
[Round "6.17"]
[White "Delchev, Aleksander"]
[Black "Smirnov, Artem"]
[Result "0-1"]
[WhiteElo "2638"]
[BlackElo "2445"]
[PlyCount "70"]
[EventDate "2014.03.29"]
[EventType "swiss"]
[EventRounds "9"]

1. e4 c5 2. Nf3 d6 3. Bb5+ Nd7 4. d4 cxd4 5. Qxd4 a6 6. Bxd7+ Bxd7 7. O-O Rc8
8. Nc3 e5 9. Qb4 Bc6 10. Rd1 Qc7 11. Be3 Nf6 12. Bb6 Qb8 13. Nd5 Bxd5 14. exd5
Be7 15. Qa4+ Nd7 16. c4 Bd8 17. Bxd8 Rxd8 18. c5 dxc5 19. Nxe5 b5 20. Qg4 Nxe5
21. Qxg7 Kd7 22. d6 Rde8 23. Rd5 Rhg8 24. Qxh7 Re6 25. Rad1 Qe8 26. h4 c4 27.
Qf5 Nd3 28. g3 Rgg6 29. Rxb5 axb5 30. Qxb5+ Kxd6 31. Qb4+ Kd5 32. Kg2 Kc6 33.
Qc3 Rgf6 34. b3 Kd6 35. Kg1 Re5 0-1

[Event "Skopje, hotel "]
[Site "Skopje, hotel "]
[Date "2014.04.02"]
[Round "6.18"]
[White "Romanov, Evgeny"]
[Black "Sanal, Vahap"]
[Result "1/2-1/2"]
[WhiteElo "2636"]
[BlackElo "2442"]
[PlyCount "122"]
[EventDate "2014.03.29"]
[EventType "swiss"]
[EventRounds "9"]

1. d4 Nf6 2. Bf4 d5 3. e3 c5 4. c3 Nc6 5. Nd2 e6 6. Ngf3 Bd6 7. dxc5 Bxc5 8.
Bd3 O-O 9. O-O h6 10. Bg3 Bd6 11. Bh4 e5 12. e4 g5 13. exd5 Nxd5 14. Bg3 Bc7
15. Nc4 f6 16. Qb3 Be6 17. Qxb7 Qd7 18. Rad1 a5 19. Qb3 Qf7 20. Qa4 Nde7 21.
Nd4 Nxd4 22. cxd4 Rfd8 23. dxe5 Rxd3 24. Rxd3 Bxc4 25. e6 Qxe6 26. Re3 Qc6 27.
Qxc6 Nxc6 28. Bxc7 Bxf1 29. Kxf1 Rc8 30. Bd6 Nd4 31. g4 Rc2 32. Re8+ Kf7 33.
Re7+ Kg6 34. Rb7 Nf3 35. h3 h5 36. gxh5+ Kxh5 37. Rh7+ Kg6 38. Rb7 Nd2+ 39. Kg2
Ne4 40. Bg3 f5 41. Kf3 a4 42. Rb4 a3 43. bxa3 Rxa2 44. Rb6+ Kh5 45. Ra6 Nd2+
46. Kg2 f4 47. Bh2 Ne4 48. Bg1 Nc5 49. Ra8 Nd3 50. Kf3 Ne1+ 51. Ke4 Kg6 52.
Ra6+ Kf7 53. Ra7+ Ke6 54. Ra6+ Kd7 55. Ra7+ Kc6 56. h4 gxh4 57. Kxf4 Ra1 58.
Bh2 Ra2 59. Bg1 Ra1 60. Bh2 Ra2 61. Bg1 Ra1 1/2-1/2

[Event "Skopje, hotel "]
[Site "Skopje, hotel "]
[Date "2014.04.02"]
[Round "6.19"]
[White "Stojanovski, Dejan"]
[Black "Georgiev, Kiril"]
[Result "0-1"]
[WhiteElo "2436"]
[BlackElo "2625"]
[PlyCount "72"]
[EventDate "2014.03.29"]
[EventType "swiss"]
[EventRounds "9"]

1. d4 f5 2. g3 Nf6 3. Bg2 g6 4. c3 Bg7 5. Qb3 Nc6 6. Nd2 e6 7. e4 O-O 8. e5 Nd5
9. Ne2 d6 10. exd6 cxd6 11. Nc4 Nf6 12. O-O d5 13. Nd2 Ne4 14. Nxe4 dxe4 15. f3
exf3 16. Bxf3 Kh8 17. Be3 e5 18. Rad1 Qe7 19. d5 e4 20. Bg2 Ne5 21. Nf4 b6 22.
Bd4 Bd7 23. d6 Qe8 24. Qa3 Qf7 25. b3 g5 26. Ne2 Qh5 27. Rd2 Ng4 28. h3 Bxd4+
29. Nxd4 Ne3 30. Re1 Nxg2 31. Rxg2 f4 32. Rxe4 Qd1+ 33. Kh2 fxg3+ 34. Rxg3 Rf2+
35. Rg2 Rxg2+ 36. Kxg2 Rf8 0-1

[Event "Skopje, hotel "]
[Site "Skopje, hotel "]
[Date "2014.04.02"]
[Round "6.20"]
[White "Jacimovic, Dragoljub"]
[Black "Fier, Alexandr Hilario T"]
[Result "1/2-1/2"]
[WhiteElo "2422"]
[BlackElo "2595"]
[PlyCount "71"]
[EventDate "2014.03.29"]
[EventType "swiss"]
[EventRounds "9"]

1. d4 Nf6 2. c4 c5 3. d5 e6 4. Nc3 exd5 5. cxd5 d6 6. e4 g6 7. f4 Qe7 8. Nf3
Bg4 9. Bb5+ Nbd7 10. O-O O-O-O 11. h3 Bxf3 12. Qxf3 Bg7 13. Bd2 Ne8 14. Rae1
Bd4+ 15. Kh1 Nc7 16. a4 Kb8 17. Bxd7 Qxd7 18. e5 Rhf8 19. Ne4 Nxd5 20. Nxd6 Qc6
21. Bc3 Bxc3 22. bxc3 Ne7 23. Qxc6 Nxc6 24. Ne4 b6 25. Nf6 h6 26. e6 fxe6 27.
Rxe6 Kc7 28. f5 gxf5 29. Rxf5 Kb7 30. Rh5 Rh8 31. Ne4 Rd1+ 32. Kh2 Ra1 33. Nd6+
Ka6 34. Ne4 Kb7 35. Nd6+ Ka6 36. Ne4 1/2-1/2

[Event "Skopje, hotel "]
[Site "Skopje, hotel "]
[Date "2014.04.02"]
[Round "6.21"]
[White "Nevednichy, Vladislav"]
[Black "Cabrilo, Goran"]
[Result "1-0"]
[WhiteElo "2591"]
[BlackElo "2406"]
[PlyCount "88"]
[EventDate "2014.03.29"]
[EventType "swiss"]
[EventRounds "9"]

1. e4 c5 2. Nf3 e6 3. d4 cxd4 4. Nxd4 a6 5. Nc3 Qc7 6. Bd3 Nc6 7. Nxc6 dxc6 8.
O-O e5 9. f4 Nf6 10. Kh1 h5 11. f5 b5 12. a4 Bb7 13. Qe2 h4 14. Rf3 h3 15. Rxh3
Rxh3 16. gxh3 Rd8 17. Bg5 Bc5 18. h4 Bd4 19. axb5 axb5 20. h5 Rd6 21. Nd1 Qd7
22. h3 Nh7 23. Be3 Kf8 24. Kh2 Nf6 25. h6 gxh6 26. Bxh6+ Ke7 27. Bg5 Kd8 28.
Be3 Kc7 29. Bxd4 Rxd4 30. Nf2 Qe7 31. Rg1 Rd8 32. c3 Kb8 33. Qe3 Kc7 34. Be2
Nd7 35. b4 Ra8 36. Nd3 Ra3 37. Qd2 c5 38. Qb2 Ra8 39. Nxc5 Nxc5 40. bxc5 Qxc5
41. Bxb5 Bxe4 42. Qe2 Qd5 43. Qc4+ Qxc4 44. Bxc4 f6 1-0